| 000 | 00596nam a2200145 4500 | ||
|---|---|---|---|
| 999 |
_c9064 _d9064 |
||
| 008 | 180410b ||||| |||| 00| 0 eng d | ||
| 082 | _aDPer 050 Dec 2015-Mar 2016 T48 v186-187 | ||
| 100 |
_927200 _aAltman, Alex. |
||
| 245 |
_aThe great humbling: _bthe GOP campaign has been brutal and unforgiving and it has only just begun/ _c Alex Altman and Zeke J. Miller. |
||
| 260 |
_aNew York: _bTime Inc., _c©Dec 2015-Mar 2016. |
||
| 300 |
_av187 n6-7, pages 30-33: _billustrations; _c27 cm. |
||
| 650 | 0 |
_927204 _aElections _xCampaign. |
|
| 700 |
_927202 _aMiller, Zeke J. _eAuthor. |
||
| 942 |
_2ddc _cPER |
||